The new planning Acts (Record no. 27626)

MARC details
000 -LEADER
fixed length control field 00838cab a2200205 4500
001 - CONTROL NUMBER
control field ABS43726
008 - FIXED-LENGTH DATA ELEMENTS--GENERAL INFORMATION
fixed length control field 090401t1990 xxu||||| |||| 00| 0 eng d
035 ## - SYSTEM CONTROL NUMBER
System control number (Sirsi) u43218
041 ## - LANGUAGE CODE
Language code of text/sound track or separate title eng
100 ## - MAIN ENTRY--PERSONAL NAME
Personal name Mynors, C.
245 #4 - TITLE STATEMENT
Title The new planning Acts
260 ## - PUBLICATION, DISTRIBUTION, ETC.
Date of publication, distribution, etc. 1990
350 ## - PRICE (NR) (BK AM CF MU VM SE) [OBSOLETE]
Price 0
490 ## - SERIES STATEMENT
Series statement Solicitors` Journal
Volume/sequential designation 134(43) 26 October 1990, 1223-1225(3)
520 ## - SUMMARY, ETC.
Summary, etc. Reviews the new planning acts, Town and Country Planning Act 1990 , Planning (Listed Buildings and Conservation Areas) Act 1990 ; Planning (Hazardous Substances) Act 1990 and Planning (Consequential Provisions) Act 1990 giving a table of its provisions and a table of corresponding provisions between the 1971 and 1990 Acts.
650 ## - SUBJECT ADDED ENTRY--TOPICAL TERM
Topical term or geographic name entry element TOWN AND COUNTRY PLANNING ACT 1971
690 ## - LOCAL SUBJECT ADDED ENTRY--TOPICAL TERM (OCLC, RLIN)
Topical term or geographic name as entry element PLANNING LAW AND PRACTICE
942 ## - ADDED ENTRY ELEMENTS (KOHA)
Suppress in OPAC 0
948 ## - LOCAL PROCESSING INFORMATION (OCLC); SERIES PART DESIGNATOR (RLIN)
c (OCLC) 04/03/1997
Holdings
Withdrawn status Lost status Source of classification or shelving scheme Damaged status Not for loan Home library Current library Shelving location Date acquired Total Checkouts Full call number Barcode Date last seen Copy number Price effective from Koha item type
    Dewey Decimal Classification     London London Journal article 14/09/1999   ABS43726 43218-1001 06/08/2019 1 06/08/2019 Journal article